Países escondidos (En palabras) - Estadísticas

Estadísticas generales
  • Esta prueba ha sido intentada 161 veces
    110 desde el último reinicio
  • La puntuación promedio es 12 de 14
Estadísticas de respuestas
Hint Respuesta % Correcto
Rechinar China
97%
Incubadora Cuba
95%
Vivirán Irán
95%
Rescatar Catar
94%
Esmaltado Malta
94%
Desyemen Yemen
94%
Bacalaos Laos
93%
Mochilero Chile
92%
Octogonal Togo
92%
Diptonga Tonga
92%
Anomalía Malí
90%
Hinchada Chad
86%
Romántico Omán
80%
Dominica Dominical
1%
No se encontraron pruebas coincidentes
Distribución de puntuación
Porcentaje de gente con cada puntuación
Porcentaje por número respondido
Historial de tus puntuaciones
No has intentado esta prueba desde el último reinicio